Kỳ quan kiến trúc thế giới

Đã lưu trong:
Sonraí Bibleagrafaíochta
Príomhúdar: Burgh, Rossemarie
Údair Eile: Cowendish, Richard, Phong, Đảo
Formáid: Leabhar
Foilsithe: Hà Nội Mỹ thuật
Ábhair:
Clibeanna: Cuir Clib Leis
Gan Chlibeanna, Bí ar an gcéad duine leis an taifead seo a chlibeáil!
Thư viện lưu trữ: Trung tâm Học liệu Lê Vũ Hùng, Trường Đại học Đồng Tháp
LEADER 00782pam a22002418a 4500
001 00037598
005 20171109141121.0
008 170513s ||||||Viesd
041 0 # |a Vie 
082 1 4 |a 720  |b K600QU 
100 1 # |a Burgh, Rossemarie 
245 1 0 |a Kỳ quan kiến trúc thế giới  |c Rossemarie Burgh, Richard Cowendish; Phong Đảo dịch 
260 # # |a Hà Nội  |b Mỹ thuật 
300 # # |a 239 tr.  |b Ảnh màu  |c 27 cm 
653 # # |a Kỳ quan 
653 # # |a thế giới 
653 # # |a kiến trúc 
700 1 # |a Cowendish, Richard 
700 1 # |a Phong, Đảo 
852 # # |j KD.0021395  |j KM.0022413 
852 # # |b Kho đọc  |j KD.1000456 
910 |d 13/05/2017 
980 # # |a Trung tâm Học liệu Lê Vũ Hùng, Trường Đại học Đồng Tháp